00531 2200217 4500001002100000005001700021008004100038035002400079082001000103090002000113100001700133245003600150250001100186260002600197300001900223650001800242850001700260980001500277985000600292999001500298YOGYA-0209000004164520090227025807.0 ind  0010-020900000041645 a741.5 a741.5bKos SlK aKOSASIH, R.A aSiti Gaharackarya R.A. Kosasih aCet. 1 aBandungbErlinac2005 a130 hlmc21 cm aKomik, Bacaan aYOPDYOG(JSC) a05-29-2007 a1 a07A0022533